| 000 | 01825cam a22004454i 4500 | ||
|---|---|---|---|
| 003 | PE-LiUPU | ||
| 005 | 20250731173253.0 | ||
| 008 | 150625s r 000 0 d | ||
| 035 | _a(Sirsi) a35630 | ||
| 040 |
_aPE-LiUPU _bspa _cPE-LiUPU _erda |
||
| 082 | 0 | 4 |
_a251 _bR27 _221 |
| 100 | 1 |
_aRábanos Espinoza, Ricardo, _eautor. |
|
| 245 | 1 | 0 |
_aHomilética Bíblica / _cRicardo Rábanos Espinoza. |
| 264 | 1 |
_aBarcelona : _bImprenta Clarasó, _c1962. |
|
| 300 |
_a242 páginas ; _c21 cm. |
||
| 336 |
_atext _2rdacontent |
||
| 337 |
_aunmediated _2rdamedia |
||
| 338 |
_avolume _2rdacarrier |
||
| 490 | 0 |
_aColección de lecciones de pastoral ; _v9 |
|
| 504 | _aIncluye referencias bibliográficas al pie de páginas. | ||
| 505 | 0 | _aHomilética. -Bíblica. -La diatriba cínico-estóica. -La homilías judío-helenísticas. -El género homilético de la biblia. -La homilía en la literatura extrabíblica de la primitiva iglesia. -La homilía de los santos padres. -La homilía en la Edad media. -La homilía en los siglos XVI-XX. -La homilía en la actualidad. -Normas sobre el uso de la biblia. -La formas de la Homilética bíblica. | |
| 526 | _aSEG42 | ||
| 526 | _aSEG41 | ||
| 526 | _aSEG40 | ||
| 526 | _aSEG39 | ||
| 526 | _aP94 | ||
| 526 | _aP87 | ||
| 526 | _aP86 | ||
| 526 | _aP85 | ||
| 526 | _aP77 | ||
| 526 | _aP76 | ||
| 526 | _aP35 | ||
| 630 |
_aBiblia _vSermones. _91390 |
||
| 910 | _a | ||
| 942 |
_2ddc _cBOOK |
||
| 949 |
_a251 R27 _wDEWEY _c1 _i39076 _lCCODEBUL1 _mBUL _p00.00 _r0 _sY _tBOOK _u2015-06-25 _xBIBLIOTECA _zUNKNOWN _0COMPRA _o.STAFF. Colección General |
||
| 596 | _a1 | ||
| 999 |
_a251 R27 _wDEWEY _c43616 _i39076 _f2021-11-12 _g5 _lCCODEBUL1 _mBUL _r0 _sY _tBOOK _u2015-6-25 _xTEOLOGIA _zUNKNOWN _0COMPRA _o.STAFF. Colección General _d43616 |
||
| 980 |
_81 _gALBERTO SANCHEZ Responsable de Automatización |
||